000 00455nam a22001457a 4500
020 _a9789380856575
082 _a621.395 CHA
100 _aC. K. Chanda
245 _aDigital fundamentals and applications
260 _aNew Delhi
_bUniversity Science Press
_c2011
300 _a492p.
_bill.;
650 _aDigital electronics
_aLogic circuits
_aBoolean algebra
_aNumber analysis
_aOperational amplifires
_aLogic Design
700 _aSumit Banerjee
942 _cBK
999 _c13539
_d13539